00571nam a22001937a 4500003001100000005001700011008004100028020001500069040003900084041000800123082001300131245003100144260004000175300001700215650003500232942000700267952008800274999001500362LK-CoMWRAF20231213181645.0231213b2000 |||||||| |||| 00| 0 eng d a0550105832 aLK-CoMWRAFdLK-CoMWRAFeLK-CoMWRAF aeng a423bCHA aChambers pocket dictionary aSt. Helens:bThe book people,c2000 axiii,1074 p. aEnglish language- Dictionaries cBK 00104070aMAINbMAINd2023-12-13l0o423 CHApRAF4548r2023-12-13w2023-12-13yBK c4427d4427